Equilibrio entre fases y procesamiento de aceites vegetales con fluidos supercríticos /

Guardado en:
Otros Autores: Hegel, Pablo Ezequiel. (Disertante)
Formato: Manuscrito
Idioma:Spanish
Publicado: 2007.
Materias:
Etiquetas: Agregar Etiqueta
Sin Etiquetas, Sea el primero en etiquetar este registro!
LEADER 01161ntm a22002775a 4500
001 EIQ.libpla004120
008 080627s2007####ag#a#####bm###000#0#spa#d
005 20080627172932.0
245 1 0 |a Equilibrio entre fases y procesamiento de aceites vegetales con fluidos supercríticos /  |c Pablo ezequiel Hegel. 
260 |c 2007. 
300 |a 1v. (en varias paginaciones) :  |b il., tablas, figuras ;  |c 21 cm. 
500 |a Director de tesis: Dr. Esteban A. Brignole, director asistente: Dr. Marcelo Zabaloy. 
502 |a Tesis (doctorado)--Universidad Nacional del Sur. Departamento de Ingeniería Química, 2007. 
504 |a Incluye referencias bibliográficas. 
100 1 |a Hegel, Pablo Ezequiel.  |4 dis 
710 2 |a Universidad Nacional del Sur (UNS).  |b Dpto. de Ingeniería Química  |4 dgg. 
650 4 |a Termodinámica  |x Tesis. 
650 4 |a Análisis  |x Procesos. 
650 4 |a Simulación  |x Procesos. 
650 4 |a Diseño  |x Procesos. 
650 4 |a Thermodynamic  |x Theses. 
650 4 |a Analysis  |x Processes. 
650 4 |a Simulation  |x Theses. 
650 4 |a Design  |x Theses. 
040 |a AR-BbSID  |b spa  |c AR-BbSID 
859 |a AR-BbSID  |b BIB. PLAPIQUI  |h 660.284 24  |i H 362  |p 6069